| 000 | 00377 a2200133 4500 | ||
|---|---|---|---|
| 001 | 91697 | ||
| 082 | _aPR 1706 | ||
| 090 |
_c43859 _d43858 |
||
| 100 | _aManzoor Ahmed; Prof Shafqat-ul-Mulk, Advisor | ||
| 245 |
_aPreparation of Lab Manuals for Digital-I and Digital-II Courses _n63 "B" EC |
||
| 260 |
_aRawalpindi _bNUST _c2007 |
||
| 300 | _a45p | ||
| 500 | _aBE project Reports | ||
| 942 |
_aCAE NUST _kPR 1706 |
||
| 999 |
_c326770 _d326770 |
||